00266nam a2200109Ia 4500008004100000020001800041082001400059100003000073245003300103260001000136500001000146260604s9999 xx 000 0 und d a9781250107831 a813.6 MCC aA Feiwel And Friends Book 0aMagic, Madness, and Mischief bSHREE aMagic